[Event "Cotswold Open 2025"]
[Site "?"]
[Date "2025.05.26"]
[Round "6.14"]
[White "Small, Edward"]
[Black "Robinson, Adam"]
[Result "0-1"]
[WhiteElo "1842"]
[BlackElo "1896"]
[WhiteFideId "-1"]
[WhiteFideId "-1"]
[PlyCount "54"]
[GameId "2213998176216441"]
[SourceVersionDate "2025.06.08"]

1. d4 Nf6 2. Bg5 c5 3. d5 Qb6 4. Bc1 d6 5. Nc3 g6 6. e4 Bg7 7. f4 O-O 8. Be2 e6 9. Nf3 exd5 10. exd5 Re8 11. O-O Bf5 12. Bc4 Nbd7 13. Bd2 Ne4 14. Nxe4 Bxe4 15. Bc3 Bxc3 16. bxc3 Nf6 17. Re1 a6 18. Ng5 Bf5 19. Qd2 h6 20. Nf3 Ne4 21. Qe3 Qa5 22. Nd2 Qxc3 23. Qxc3 Nxc3 24. Kf2 b5 25. Bd3 Bxd3 26. cxd3 Nxd5 27. Ne4 Re6 0-1

[Event "Cotswold Open 2025"]
[Site "?"]
[Date "2025.05.26"]
[Round "6.15"]
[White "Hammond, Matthew"]
[Black "Sui, Yueyue"]
[Result "1-0"]
[WhiteElo "1893"]
[BlackElo "1824"]
[WhiteFideId "-1"]
[WhiteFideId "-1"]
[PlyCount "113"]
[GameId "2214001207519688"]
[SourceVersionDate "2025.06.08"]

1. c4 Nf6 2. Nc3 e6 3. e4 d6 4. g3 c5 5. Bg2 Nc6 6. Nge2 e5 7. O-O Be7 8. d3 O-O 9. h3 Ne8 10. Be3 Bg5 11. f4 Be7 12. Nd5 Nd4 13. Qd2 Nc7 14. Nec3 Be6 15. f5 Bxd5 16. exd5 Rb8 17. g4 b5 18. Ne4 bxc4 19. dxc4 Na6 20. f6 Bxf6 21. Nxf6+ gxf6 22. Bh6 f5 23. gxf5 f6 24. Qd1 Rf7 25. b3 Kh8 26. Kh1 Qd7 27. Qh5 Rg8 28. Be4 Nc7 29. Rg1 Ne8 30. Rxg8+ Kxg8 31. Rg1+ Kh8 32. Qg4 Ng7 33. h4 Re7 34. h5 Rf7 35. Rg2 a6 36. Bd2 Ndxf5 37. h6 Nxh6 38. Qxd7 Rxd7 39. Bxh6 Rf7 40. Kh2 Ne8 41. Bf5 Nc7 42. Kh3 a5 43. Bd2 a4 44. Ba5 axb3 45. axb3 Re7 46. Kh4 Rf7 47. Kh5 Re7 48. Kh6 Rf7 49. b4 cxb4 50. Bxb4 Ne8 51. Be6 Rf8 52. c5 f5 53. cxd6 f4 54. d7 f3 55. Bxf8 fxg2 56. dxe8=Q g1=Q 57. Bg7# 1-0

[Event "Cotswold Open 2025"]
[Site "?"]
[Date "2025.05.26"]
[Round "6.16"]
[White "Van Kemenade, Julie"]
[Black "Lappin, Benjamin"]
[Result "0-1"]
[WhiteElo "1710"]
[BlackElo "1893"]
[WhiteFideId "-1"]
[WhiteFideId "-1"]
[PlyCount "66"]
[GameId "2214378883016424"]
[SourceVersionDate "2025.06.08"]

1. e4 Nc6 2. Nc3 d6 3. f4 e5 4. f5 g6 5. Bc4 Na5 6. Bb5+ c6 7. Bd3 gxf5 8. b4 fxe4 9. Nxe4 d5 10. Ng3 Bxb4 11. Qh5 Qe7 12. Bb2 Bd6 13. Bf5 Nf6 14. Qh3 Be6 15. Nf3 Nc4 16. Rb1 Nxb2 17. Rxb2 O-O-O 18. Ng5 Kb8 19. Nxe6 fxe6 20. Bxe6 Bc5 21. Rf1 Rhf8 22. Rf3 Ne4 23. Rxf8 Rxf8 24. Nxe4 dxe4 25. Bc4 Qd6 26. Qxh7 Bb6 27. Qxe4 Qc5 28. Kd1 Qg1+ 29. Qe1 Qd4 30. Rb3 Qa1+ 31. Ke2 Rf2+ 32. Qxf2 Bxf2 33. Kxf2 Qd4+ 0-1

[Event "Cotswold Open 2025"]
[Site "?"]
[Date "2025.05.26"]
[Round "6.17"]
[White "Gartside, Carl"]
[Black "Kumar, Yuvraj"]
[Result "0-1"]
[WhiteElo "1884"]
[BlackElo "1855"]
[WhiteFideId "-1"]
[WhiteFideId "-1"]
[PlyCount "70"]
[GameId "2214373464871186"]
[SourceVersionDate "2025.06.08"]

1. Nc3 Nf6 2. d4 g6 3. e4 d6 4. h3 Bg7 5. Nf3 O-O 6. Be3 e5 7. d5 Ne8 8. g4 f5 9. gxf5 gxf5 10. Bg5 Nf6 11. Bd3 Qe8 12. Bxf6 Rxf6 13. Qe2 Bh6 14. Rg1+ Kh8 15. Ng5 Bxg5 16. Rxg5 f4 17. O-O-O Rg6 18. Qh5 Bd7 19. Rdg1 Rxg5 20. Qxg5 Qf8 21. h4 Na6 22. Bxa6 bxa6 23. Nb1 Qf7 24. Nd2 Rg8 25. Qxg8+ Qxg8 26. Rxg8+ Kxg8 27. Nc4 Kg7 28. Na5 Kh6 29. c4 Kh5 30. b4 Kxh4 31. c5 Kg4 32. cxd6 cxd6 33. Nc6 Kf3 34. Nxa7 h5 35. Nc6 h4 0-1

[Event "Cotswold Open 2025"]
[Site "?"]
[Date "2025.05.26"]
[Round "6.18"]
[White "Poderico, Francesco"]
[Black "Tamilselvan, Tara"]
[Result "1-0"]
[WhiteElo "1761"]
[BlackElo "1868"]
[WhiteFideId "-1"]
[WhiteFideId "-1"]
[PlyCount "143"]
[GameId "2214374572691870"]
[SourceVersionDate "2025.06.08"]

{[%evp 0,143,17,34,9,17,39,38,44,27,16,15,20,14,3,-1,-3,43,-4,-3,0,0,12,0,77,-6,65,-4,7,-3,-35,32,48,31,32,77,70,46,73,177,87,89,-112,79,70,108,108,118,146,102,162,171,-15,113,58,180,178,178,263,280,243,294,322,223,275,216,226,172,314,320,287,283,291,284,456,367,430,109,262,268,170,270,288,237,269,257,280,220,264,236,265,75,134,261,201,268,300,91,123,219,247,296,235,242,282,284,232,297,240,275,265,265,306,291,321,271,147,267,249,257,226,235,301,215,304,233,274,329,313,398,441,479,497,492,829,1015,992,471,962,1016,1344,358,330,417,535,615]} 1. d4 Nf6 2. c4 g6 3. Nc3 d5 4. e3 Bg7 5. Nf3 O-O 6. cxd5 Nxd5 7. Bc4 Nxc3 8. bxc3 c5 9. O-O Nc6 10. Ba3 b6 11. h3 Bb7 12. Qe2 Na5 13. Ba6 Qc8 14. Bxb7 Qxb7 15. Rab1 cxd4 16. cxd4 Rfd8 17. Rfc1 Qe4 18. Qc2 Qb7 19. Qc7 Rd7 20. Qxb7 Nxb7 21. Rc6 Na5 22. Rc2 h6 23. Rbc1 e6 24. Kf1 Kh7 25. Rc7 Rad8 26. Ke2 g5 27. Be7 Rxc7 28. Rxc7 Rd5 29. a4 Nb3 30. Rxa7 e5 31. Nxe5 Bxe5 32. dxe5 Rxe5 33. Bd8 Nd4+ 34. Kf1 Nc6 35. Rxf7+ Kg8 36. Rd7 Nxd8 37. Rxd8+ Kg7 38. Rd6 Ra5 39. Rxb6 Rxa4 40. Ke2 Ra2+ 41. Kf3 Ra4 42. Rd6 Rb4 43. Kg3 Ra4 44. f3 h5 45. e4 Ra2 46. h4 gxh4+ 47. Kh3 Re2 48. Rd5 Kg6 49. Rf5 Rd2 50. f4 Re2 51. Rg5+ Kh6 52. e5 Rf2 53. Rf5 Kg6 54. Rf6+ Kg7 55. Kxh4 Rxg2 56. Kxh5 Rg1 57. Rf5 Rh1+ 58. Kg4 Rg1+ 59. Kf3 Kg6 60. Rf6+ Kg7 61. Ke4 Re1+ 62. Kf5 Rf1 63. Ke6 Rf3 64. f5 Re3 65. Rg6+ Kf8 66. Kf6 Rd3 67. e6 Rd6 68. Rh6 Kg8 69. Ke7 Ra6 70. Rf6 Ra7+ 71. Kd6 Kg7 72. Rg6+ 1-0